Loading...
| Fine Arts - Classical Music | 5 | 16.00 | 2,260% | 480% | 500% |
| Fine Arts - Other | 4 | 12.50 | 4,850% | 175% | 200% |
| Fine Arts - Painting & Sculpture | 7 | 15.71 | 3,986% | 471% | 343% |
| History - American | 7 | 17.14 | 2,371% | 557% | 457% |
| History - European | 5 | 18.00 | 5,840% | 680% | 180% |
| History - Other | 6 | 11.67 | 600% | 383% | 383% |
| History - World | 7 | 8.57 | 2,314% | 343% | 114% |
| Literature - American | 5 | 18.00 | 4,940% | 480% | 340% |
| Literature - British | 6 | 13.33 | 3,483% | 433% | 283% |
| Literature - European | 3 | 20.00 | 7,533% | 300% | 567% |
| Literature - World | 4 | 17.50 | 3,625% | 625% | 425% |
| Mythology | 8 | 22.50 | 6,663% | 400% | 600% |
| Other | 9 | 18.89 | 3,644% | 533% | 511% |
| Philosophy | 4 | 15.00 | 2,925% | 0% | 750% |
| Religion | 3 | 23.33 | 4,833% | 833% | 533% |
| Science - Biology | 8 | 18.75 | 3,650% | 513% | 650% |
| Science - Chemistry | 4 | 17.50 | 3,625% | 625% | 375% |
| Science - Other | 5 | 20.00 | 5,500% | 260% | 640% |
| Science - Physics | 6 | 16.67 | 3,517% | 400% | 400% |
| Social Science | 5 | 10.00 | 3,880% | 140% | 140% |